Szczegóły MARC21

Strategiczne zarządzanie zasobami ludzkimi /

003 -Nazwa inst., której nr kontr. jest w polu 001 [,]
    • @
    • Nazwa instytucji, której n kontrolny jest w polu 001
    • NUKAT
005 -DATA I CZAS OSTATNIEJ MODYFIKACJI [,]
    • @
    • pole kontrolne
    • 20241231111347.0
020 -Międzynarod. znormalizowany nr książki - ISBN [ , ]
    • a
    • Numer ISBN
    • 8372071918 Find
040 -Instytucja sporządzająca opis [ , ]
    • a
    • Instytucja, która sporządziła opis (NP)
    • Ł U/ek
    • b
    • Język katalogowania
    • pol
    • e
    • Zasady katalogowania
    • rda
    • c
    • Instytucja, która sporządziła rekord (NP)
    • Ł U/ek
    • d
    • Instytucja, która zmodyfikowała rekord (P)
    • Ł U/AGs
    • d
    • Instytucja, która zmodyfikowała rekord (P)
    • KR 93/BJs
    • d
    • Instytucja, która zmodyfikowała rekord (P)
    • GL 001/EZN
    • d
    • Instytucja, która zmodyfikowała rekord (P)
    • GL 001/FAK
942 -Rodzaj dokumentu [ , ]
    • c
    • Rodzaj dokumentu
    • Książka
100 -Hasło główne - nazwa osobowa [1, ]
    • a
    • Nazwa osobowa (NP)
    • Masłyk-Musiał, Ewa
    • d
    • Daty biograficzne (NP)
    • (1945- ).
    • e
    • Rodzaj współpracy
    • Autor
    • 9
    • KHW
    • 28306
245 -Strefa tytułu i oznaczenia odpowiedzialności [1,0]
    • a
    • Tytuł
    • Strategiczne zarządzanie zasobami ludzkimi / Find
    • c
    • Pozostałe elementy strefy tytułu i oznaczenia odpowiedzialności (NP)
    • Ewa Masłyk-Musiał.
250 -Strefa wydania [ , ]
    • a
    • Oznaczenie wydania (NP)
    • Wydanie I.
260 -Strefa adresu wydawniczego [ , ]
    • a
    • Miejsce wydania (P)
    • Warszawa :
    • b
    • Nazwa wydawcy (P)
    • Oficyna Wydawnicza Politechniki Warszawskiej,
    • c
    • Data wydania (P)
    • 2000.
300 -Strefa opisu fizycznego [ , ]
    • a
    • Określenie formy książki i/lub objętość (NP)
    • 260 stron ;
    • c
    • Format (NP)
    • 24 cm.
336 -Typ zawartości [ , ]
    • a
    • Termin opisujący typ zawartości
    • Tekst
    • b
    • Kod określający zawartość
    • txt
    • 2
    • Źródło (terminu i kodu)
    • rdacontent
337 -Typ mediów [ , ]
    • a
    • Tryb odtwarzania
    • Bez urządzenia pośredniczącego
    • b
    • Kod typu mediów
    • n
    • 2
    • Źródło (terminu i kodu)
    • rdamedia
338 -Typ/rodzaj nośnika [ , ]
    • a
    • Hasło opisujące typ nośnika
    • Wolumin
    • b
    • Kod typu nośnika
    • nc
    • 2
    • Źródło (terminu i kodu)
    • rdacarrier
490 -Strefa serii i książki wielotomowej - forma nie do wyszukiwania [1, ]
    • a
    • Tytuł (P)
    • Zarządzanie i Marketing Find
830 -Hasło dodatkowe serii i opisu książki wielotomowej - tytuł ujednolicony/tytuł [ ,0]
    • a
    • Tytuł ujednolicony/tytuł (NP)
    • Zarządzanie i Marketing
    • 9
    • KHW
    • 20507
504 -Uwaga dot. bibliogr. załącznikowej [ , ]
    • a
    • Uwaga dot. bibliografii załącznikowej
    • Bibliografia na stronach 259-260.
080 -Uniwersalna Klasyfikacja Dziesiętna [ , ]
    • a
    • Symbol klasyfikacji
    • 65.012.4
080 -Uniwersalna Klasyfikacja Dziesiętna [ , ]
    • a
    • Symbol klasyfikacji
    • :658.1/.5.014/.015
080 -Uniwersalna Klasyfikacja Dziesiętna [ , ]
    • a
    • Symbol klasyfikacji
    • :331
650 -Hasło przedmiotowe [ ,7]
    • a
    • Hasło przedmiotowe
    • Personel
    • x
    • Określnik rzeczowy
    • kierowanie
    • v
    • Określnik formalny
    • podręczniki.
    • 2
    • Źródło terminu
    • kaba
    • 9
    • KHW
    • 359157
650 -Hasło przedmiotowe [ ,7]
    • a
    • Hasło przedmiotowe
    • Personel
    • x
    • Określnik rzeczowy
    • kierowanie
    • v
    • Określnik formalny
    • zadania i ćwiczenia.
    • 2
    • Źródło terminu
    • kaba
    • 9
    • KHW
    • 360762
980 -Symbol UKD [ , ]
    • a
    • UKD
    • 65.012.4:658.1/.5.014/.015:331
710 -Hasło dodatkowe - nazwa ciała zbiorowego [2, ]
    • a
    • Nazwa ciała zbiorowego lub nazwa geograficzna jako pierwszy element (NP)
    • Politechnika Warszawska.
    • b
    • Nazwa jednostki podrzędnej (P)
    • Oficyna Wydawnicza.
    • e
    • Rodzaj współpracy
    • Wydawca
    • 4
    • Kod relacji
    • pbl
    • 9
    • KHW
    • 54175
920 -ISBN [ , ]
    • a
    • ISBN
    • 83-7207-191-8 Find
Sygnatura Numer inwentarzowy Status udost. Lokalizacja Data inwentaryzacji
T.3987T.3987-2T2001-01-31
 T.3988-6T2001-01-31
 T.3989-6T2001-01-31
 T.3990-3T2001-01-31
 T.3991-3T2001-01-31
 T.3992-3T2001-01-31
TM.11559TM.11559-3T2014-10-14